[Event "4NCL Online Division 7"]
[Site "online"]
[Date "2021.03.09"]
[EventDate "2021.03.09"]
[Round "4.94"]
[White "Burnton, Joshua"]
[WhiteElo "1315"]
[WhiteTeam "MHJ Bishops"]
[Black "Chalmers, Martin M"]
[BlackElo "1505"]
[BlackTeam "Dundee City C"]
[Result "0-1"]
[PlyCount "120"]

1. e4 e6 2. d4 d5 3. e5 c5 4. c3 Nc6 5. Nf3 Qb6 6. Bd3 Bd7 7. Be2 Nge7 8. a3 cxd4 9. cxd4 Nf5 10. Nc3 Be7 11. Rb1 O-O 12. Be3 Rac8 13. O-O f6 14. exf6 Bxf6 15. Na4 Qd8 16. Qd2 a6 17. Nc3 Na5 18. b4 Nc4 19. Bxc4 Rxc4 20. Rfd1 Qe8 21. Ne5 Bxe5 22. dxe5 d4 23. Ne2 Ba4 24. Qd3 Bxd1 25. Qxc4 Bxe2 26. Qxe2 dxe3 27. Rf1 exf2+ 28. Rxf2 Nd4 29. Qg4 Rxf2 30. Kxf2 Qf7+ 31. Kg3 Nf5+ 32. Kh3 Qc7 33. Qf3 Qxe5 34. Qxb7 Qe3+ 35. g3 Qh6+ 36. Kg2 Ne3+ 37. Kf3 Nf5 38. Qc8+ Kf7 39. Qd7+ Ne7 40. Qa7 Qf6+ 41. Kg2 Qb2+ 42. Kh3 Qxa3 43. b5 a5 44. Qc7 Kf6 45. b6 Nd5 46. Qd8+ Qe7 47. Qa8 Nxb6 48. Qxa5 Nd5 49. Qa1+ Kf7 50. Qf1+ Qf6 51. Qa6 e5 52. Qb7+ Ne7 53. Qg2 Qh6+ 54. Kg4 Qg6+ 55. Kf3 Qd3+ 56. Kf2 Qd2+ 57. Kf1 Qxg2+ 58. Kxg2 Ke6 59. Kf3 Kd5 60. g4 Kd4 0-1

[Event "4NCL Online Division 7"]
[Site "online"]
[Date "2021.03.09"]
[EventDate "2021.03.09"]
[Round "4.101"]
[White "Chung, Michael"]
[WhiteElo "1631"]
[WhiteTeam "Streatham B"]
[Black "Shapland, David"]
[BlackElo "1924"]
[BlackTeam "Hebden Bridge 2"]
[Result "1-0"]
[PlyCount "175"]

1. e4 e5 2. Nf3 Nc6 3. Bc4 Nf6 4. d3 h6 5. c3 a6 6. O-O Be7 7. Nbd2 d6 8. b4 Be6 9. Bb3 g5 10. Bxe6 fxe6 11. a4 Kd7 12. Nb3 Qg8 13. Kh1 g4 14. Ne1 h5 15. Ra2 h4 16. f4 Nh5 17. Kg1 Qg7 18. f5 Nf4 19. Bxf4 exf4 20. Rxf4 exf5 21. d4 Bg5 22. Rxf5 Ne7 23. Rf1 Be3+ 24. Kh1 Raf8 25. Nd3 Rxf1+ 26. Qxf1 Rf8 27. Qe1 g3 28. h3 Qf7 29. Ra1 Bf2 30. Qd1 Ng6 31. Nd2 Be3 32. Nf3 Qe7 33. Qe2 Bh6 34. c4 Kc8 35. a5 Qe6 36. d5 Qf6 37. Rd1 Re8 38. c5 dxc5 39. e5 Qf5 40. bxc5 Qd7 41. Qe4 Rf8 42. Qxg6 Qa4 43. Qg4+ Qxg4 44. hxg4 h3 45. g5 Bg7 46. Nd2 h2 47. Ne4 Rf5 48. Nxg3 Rxg5 49. Kxh2 Bxe5 50. Nxe5 Rxe5 51. Kh3 c6 52. dxc6 bxc6 53. Rc1 Kd7 54. Kg4 Rd5 55. Kf4 Rd4+ 56. Ke5 Rd5+ 57. Kf6 Rd2 58. Nf5 Rxg2 59. Rd1+ Kc7 60. Nd4 Ra2 61. Nb3 Rf2+ 62. Ke5 Re2+ 63. Kd4 Re8 64. Rf1 Rd8+ 65. Kc4 Rd7 66. Nd4 Rh7 67. Rf6 Rh4 68. Rxc6+ Kb7 69. Rb6+ Ka7 70. Kd5 Rh5+ 71. Kd6 Rh6+ 72. Ne6 Rh5 73. Rc6 Kb7 74. Nd8+ Ka7 75. Rc7+ Kb8 76. Nc6+ Ka8 77. Rc8+ Kb7 78. Rc7+ Ka8 79. Nb4 Kb8 80. Nxa6+ Ka8 81. Nb4 Rh6+ 82. Kd5 Kb8 83. Rg7 Rh5+ 84. Kc4 Rh4+ 85. Kb5 Rh6 86. a6 Ka8 87. Nc6 Rh8 88. Ra7# 1-0

[Event "4NCL Online Division 7"]
[Site "online"]
[Date "2021.03.09"]
[EventDate "2021.03.09"]
[Round "4.102"]
[White "Kerrane, John"]
[WhiteElo "1668"]
[WhiteTeam "Hebden Bridge 2"]
[Black "Oshundiya, Angelo"]
[BlackElo "1486"]
[BlackTeam "Streatham B"]
[Result "1-0"]
[PlyCount "57"]

1. d4 Nf6 2. c4 e6 3. Nc3 Bb4 4. e3 O-O 5. Nf3 Ne4 6. Qc2 d5 7. Bd3 h6 8. Bxe4 dxe4 9. Qxe4 f5 10. Qc2 b6 11. O-O Bb7 12. Qe2 Rf6 13. a3 Bd6 14. e4 fxe4 15. Nxe4 Rg6 16. Nxd6 Qxd6 17. Nh4 Rf6 18. Be3 Qc6 19. f4 Qe4 20. Rae1 Nc6 21. Nf3 Ne7 22. Bd2 Qc2 23. Bc3 Qb3 24. d5 Rxf4 25. Qxe6+ Rf7 26. Ne5 Kh7 27. Qxf7 Nxd5 28. Qg6+ Kg8 29. Rf7 1-0

[Event "4NCL Online Division 7"]
[Site "online"]
[Date "2021.03.09"]
[EventDate "2021.03.09"]
[Round "4.103"]
[White "Buckman, Cyrus"]
[WhiteElo "1353"]
[WhiteTeam "Streatham B"]
[Black "Blinkhorn, Joshua"]
[BlackElo "1555"]
[BlackTeam "Hebden Bridge 2"]
[Result "0-1"]
[PlyCount "94"]

1. d4 Nf6 2. c4 g6 3. Nc3 d5 4. Bg5 Bg7 5. Nf3 c6 6. Qd2 O-O 7. Bh6 dxc4 8. e4 b5 9. a3 Qa5 10. Bxg7 Kxg7 11. Rc1 Nbd7 12. Be2 Bb7 13. O-O c5 14. Rfd1 cxd4 15. Qxd4 Qb6 16. Qxb6 Nxb6 17. e5 Nfd5 18. Nxb5 a6 19. Nc3 Nf4 20. Rc2 Rfd8 21. Rcd2 Nxe2+ 22. Nxe2 Rxd2 23. Rxd2 Bxf3 24. gxf3 Rb8 25. Nc3 Rb7 26. f4 Nd7 27. Ne4 Nf8 28. Rc2 Ne6 29. Rxc4 Nxf4 30. Nc5 Ne2+ 31. Kf1 Rxb2 32. Nd3 Ra2 33. Ra4 Nc3 34. Rxa6 Rd2 35. Nf4 Ne4 36. Ne2 Nc5 37. Rc6 Ne6 38. a4 Rd5 39. f4 Ra5 40. Rc4 Nc5 41. Nc3 Kh6 42. Nd5 e6 43. Nf6 g5 44. h3 Nxa4 45. fxg5+ Kxg5 46. Rg4+ Kf5 47. h4 Rxe5 0-1

[Event "4NCL Online Division 7"]
[Site "online"]
[Date "2021.03.09"]
[EventDate "2021.03.09"]
[Round "4.104"]
[White "Catlow, Robert"]
[WhiteElo "1397"]
[WhiteTeam "Hebden Bridge 2"]
[Black "Mo, Alex"]
[BlackElo "1345"]
[BlackTeam "Streatham B"]
[Result "1-0"]
[PlyCount "95"]

1. d4 d5 2. c4 e6 3. Nf3 Nf6 4. Nc3 Be7 5. e3 O-O 6. b3 Nbd7 7. Bb2 dxc4 8. Bxc4 a6 9. O-O b5 10. Bd3 Bb7 11. Rc1 c5 12. Bb1 cxd4 13. Nxd4 Nc5 14. Qe2 Rc8 15. Rfd1 Qb6 16. Nf3 Nce4 17. Ne5 Nxc3 18. Bxc3 Bd6 19. Ng4 Nxg4 20. Qxg4 g6 21. h4 h5 22. Qg5 Rxc3 23. Rxc3 Kh7 24. Qxh5+ Kg7 25. Qg4 f5 26. Qd4+ Qxd4 27. Rxd4 Bd5 28. Rd1 Be5 29. Rc5 Bf6 30. Rc7+ Kh6 31. g3 g5 32. hxg5+ Kxg5 33. Rh7 Kg6 34. Rh2 Bf3 35. Rc1 Rd8 36. Bc2 Rd2 37. g4 Bb2 38. gxf5+ exf5 39. Bxf5+ Kxf5 40. Rc5+ Be5 41. e4+ Bxe4 42. Rh5+ Kg4 43. f3+ Bxf3 44. Rcxe5 Rg2+ 45. Kf1 Kg3 46. Rhg5+ Bg4 47. Rxg4+ Kxg4 48. Kxg2 1-0

[Event "4NCL Online Division 7"]
[Site "online"]
[Date "2021.03.09"]
[EventDate "2021.03.09"]
[Round "4.111"]
[White "Emelianova, Maria"]
[WhiteElo "2113"]
[WhiteTeam "Battersea Cats"]
[Black "Bentham, Sam"]
[BlackElo "1621"]
[BlackTeam "Oxford 5"]
[Result "1-0"]
[PlyCount "79"]

1. d4 Nf6 2. Bf4 g6 3. Nf3 Bg7 4. Nbd2 O-O 5. c3 d6 6. e4 Nc6 7. d5 e5 8. Bg5 Ne7 9. Bd3 h6 10. Bh4 Nd7 11. Bc2 Qe8 12. Qe2 c6 13. Nc4 g5 14. Nxd6 Qd8 15. Bg3 cxd5 16. exd5 Ng6 17. O-O-O Nc5 18. Nxc8 Rxc8 19. d6 Nf4 20. Bxf4 exf4 21. Rhe1 Re8 22. Qxe8+ Qxe8 23. Rxe8+ Rxe8 24. d7 Rd8 25. b4 Ne6 26. c4 Kf8 27. c5 Ke7 28. Be4 Rxd7 29. Rxd7+ Kxd7 30. Bxb7 a5 31. c6+ Kc7 32. bxa5 Nc5 33. a6 Kb8 34. Kc2 g4 35. Nh4 Be5 36. Nf5 h5 37. Ne7 Nxb7 38. cxb7 Bd6 39. Nc6+ Kc7 40. b8=Q+ 1-0

[Event "4NCL Online Division 7"]
[Site "online"]
[Date "2021.03.09"]
[EventDate "2021.03.09"]
[Round "4.112"]
[White "Henbest, Kevin B"]
[WhiteElo "1626"]
[WhiteTeam "Oxford 5"]
[Black "Valentine, Tim"]
[BlackElo "1794"]
[BlackTeam "Battersea Cats"]
[Result "0-1"]
[PlyCount "74"]

1. e4 c5 2. Nf3 e6 3. d3 Nc6 4. g3 d6 5. Bg2 Nf6 6. O-O Rb8 7. Nbd2 b5 8. Re1 Qc7 9. c3 Be7 10. d4 O-O 11. e5 dxe5 12. Nxe5 Nxe5 13. dxe5 Nd7 14. f4 Rd8 15. Qh5 Bb7 16. Ne4 c4 17. Be3 Nc5 18. Nxc5 Bxc5 19. f5 Qxe5 20. Bxc5 Qxc5+ 21. Kh1 Bxg2+ 22. Kxg2 Qc6+ 23. Kh3 exf5 24. Re7 g6 25. Qg5 Rb7 26. Rae1 Rxe7 27. Rxe7 Qb6 28. Re5 f6 29. Qf4 fxe5 30. Qxe5 a6 31. Qe7 Qd6 32. Qe3 Qd7 33. Qf4 Qd2 34. Qe5 Qh6+ 35. Kg2 Rd2+ 36. Kf3 Qh5+ 37. Ke3 Re2+ 0-1

[Event "4NCL Online Division 7"]
[Site "online"]
[Date "2021.03.09"]
[EventDate "2021.03.09"]
[Round "4.113"]
[White "Morales, Joel R"]
[WhiteElo "1600"]
[WhiteTeam "Battersea Cats"]
[Black "Hertog, Alexander"]
[BlackElo "1577"]
[BlackTeam "Oxford 5"]
[Result "0-1"]
[PlyCount "78"]

1. e4 c6 2. d4 d5 3. e5 Bf5 4. Nf3 e6 5. c4 Bb4+ 6. Nc3 Qc7 7. Be2 Ne7 8. O-O O-O 9. Nh4 Rd8 10. g4 Bg6 11. Nxg6 Nxg6 12. Bd3 c5 13. cxd5 Bxc3 14. bxc3 Rxd5 15. Be4 Rd7 16. Be3 Nc6 17. Qa4 cxd4 18. cxd4 a6 19. Rac1 Nge7 20. Qc2 h6 21. Qd2 Qd8 22. Rfd1 Nxe5 23. h3 N5g6 24. f3 Nd5 25. Bf2 Ndf4 26. Kh2 Rc8 27. Rxc8 Qxc8 28. Bg3 Nd5 29. Rc1 Qd8 30. Bxg6 fxg6 31. Be5 Ne7 32. Qf4 Nc6 33. Rc4 Nxe5 34. dxe5 Rd2+ 35. Kg3 Rxa2 36. Qc1 Qd2 37. Rc8+ Kh7 38. Qc5 Qe1+ 39. Kf4 g5# 0-1

[Event "4NCL Online Division 7"]
[Site "online"]
[Date "2021.03.09"]
[EventDate "2021.03.09"]
[Round "4.114"]
[White "Murawski, Jan"]
[WhiteElo "1529"]
[WhiteTeam "Oxford 5"]
[Black "Rebbeck, Christopher"]
[BlackElo "1451"]
[BlackTeam "Battersea Cats"]
[Result "1-0"]
[PlyCount "117"]

1. d4 d5 2. c4 e6 3. Nc3 Nf6 4. Bg5 Be7 5. Nf3 O-O 6. e3 c6 7. c5 b6 8. b4 Nbd7 9. Bd3 bxc5 10. bxc5 Qc7 11. Bh4 e5 12. Bg3 Qa5 13. Qd2 Ba6 14. Bxa6 Qxa6 15. Nxe5 Nxe5 16. Bxe5 Bd8 17. Qe2 Qa5 18. Qd2 Qa3 19. Bxf6 Bxf6 20. O-O Qa5 21. Rfd1 h6 22. Nxd5 Qd8 23. Nxf6+ Qxf6 24. Rab1 Rfe8 25. Rb7 h5 26. Rdb1 Qg6 27. h3 Qe4 28. Qd1 Qg6 29. R1b3 Red8 30. Qb1 Qe6 31. Rb8 g5 32. Rxa8 Rxa8 33. Rb8+ Rxb8 34. Qxb8+ Kg7 35. Qxa7 g4 36. hxg4 hxg4 37. Qa3 Qe4 38. Qc3 Qb1+ 39. Kh2 g3+ 40. fxg3 Qh7+ 41. Kg1 Qb1+ 42. Kf2 Qxa2+ 43. Kf3 f6 44. e4 Qb1 45. d5 cxd5 46. exd5 Qd1+ 47. Ke4 Qe2+ 48. Kf5 Qf2+ 49. Ke6 Qe2+ 50. Kd6 Qa6+ 51. c6 Kf7 52. Kd7 Qb5 53. d6 Qf5+ 54. Kc7 Qd5 55. d7 Ke7 56. Qa3+ Kf7 57. d8=Q Qe5+ 58. Qdd6 Qxd6+ 59. Kxd6 1-0

[Event "4NCL Online Division 7"]
[Site "online"]
[Date "2021.03.09"]
[EventDate "2021.03.09"]
[Round "4.121"]
[White "Hayden, Luke"]
[WhiteElo "1636"]
[WhiteTeam "Wolfpack 2"]
[Black "Wylie, Steve"]
[BlackElo "1755"]
[BlackTeam "Devana Corieltauvorum"]
[Result "1-0"]
[PlyCount "39"]

1. d4 d5 2. c4 e6 3. Nc3 Nf6 4. cxd5 Nxd5 5. e4 Nxc3 6. bxc3 c5 7. Nf3 cxd4 8. cxd4 Bb4+ 9. Bd2 Bxd2+ 10. Qxd2 Nd7 11. Bd3 O-O 12. O-O b6 13. a4 Bb7 14. a5 Nf6 15. Rfe1 bxa5 16. Rxa5 Qc7 17. e5 Bxf3 18. exf6 Bd5 19. Qg5 g6 20. Qh6 1-0

[Event "4NCL Online Division 7"]
[Site "online"]
[Date "2021.03.09"]
[EventDate "2021.03.09"]
[Round "4.122"]
[White "Manger, John D"]
[WhiteElo "1660"]
[WhiteTeam "Devana Corieltauvorum"]
[Black "Smith, Mark"]
[BlackElo "1607"]
[BlackTeam "Wolfpack 2"]
[Result "0-1"]
[PlyCount "100"]

1. e4 d5 2. exd5 Nf6 { B01 Scandinavian Defense: Modern Variation } 3. Bc4 Nxd5 4. d4 Bf5 5. Qf3 e6 6. c3 c6 7. Ne2 Bd6 8. O-O O-O 9. Nd2 Nd7 10. Ne4 Bxe4 11. Qxe4 N7f6 12. Qh4 Ne7 13. Bd3 Ng6 14. Bxg6 hxg6 15. Bg5 Qc7 16. Bxf6 gxf6 17. Qxf6 Bxh2+ 18. Kh1 Bd6 19. g3 Qe7 20. Qf3 Qg5 21. Kg2 Kg7 22. Rh1 f5 23. Rh4 Rh8 24. Rah1 Rxh4 25. Rxh4 Rh8 26. Rxh8 Kxh8 27. Nf4 e5 28. dxe5 Bxe5 29. Qe3 Bxf4 30. Qxf4 Qxf4 31. gxf4 Kg7 32. Kg3 Kf7 33. Kh4 Kf6 34. b3 c5 35. c4 a6 36. a4 b6 37. a5 bxa5 38. Kg3 Kg7 39. Kh4 Kh6 40. Kg3 Kh5 41. Kh3 g5 42. fxg5 Kxg5 43. Kg3 f4+ 44. Kf3 Kf5 45. Ke2 Ke4 46. Kd2 Kd4 47. Kc2 a4 48. bxa4 Kxc4 49. f3 a5 50. Kb2 Kd3 { White resigns. } 0-1

[Event "4NCL Online Division 7"]
[Site "online"]
[Date "2021.03.09"]
[EventDate "2021.03.09"]
[Round "4.123"]
[White "Wootton, Stephen G"]
[WhiteElo "1591"]
[WhiteTeam "Wolfpack 2"]
[Black "Pettitt, David"]
[BlackElo "1658"]
[BlackTeam "Devana Corieltauvorum"]
[Result "1-0"]
[PlyCount "55"]

1. e4 e6 2. d4 d5 3. Nc3 Nf6 4. e5 Nfd7 5. f4 c5 6. Nf3 Nc6 7. Be3 cxd4 8. Nxd4 Nxd4 9. Bxd4 f6 10. exf6 Nxf6 11. Bb5+ Bd7 12. Qe2 Be7 13. Bxf6 O-O 14. Bxe7 Qxe7 15. Bxd7 Qxd7 16. O-O-O Rxf4 17. g3 Rff8 18. Rhf1 a6 19. Rxf8+ Rxf8 20. Rf1 Rc8 21. Re1 Rc6 22. Qe5 Qc8 23. Rf1 b5 24. Qf4 Rc7 25. Qf2 h6 26. Re1 Rf7 27. Qe2 Re7 28. Nxd5 1-0

[Event "4NCL Online Division 7"]
[Site "online"]
[Date "2021.03.09"]
[EventDate "2021.03.09"]
[Round "4.124"]
[White "Twigg, James"]
[WhiteElo "1650"]
[WhiteTeam "Devana Corieltauvorum"]
[Black "Pratley, Ian"]
[BlackElo "1571"]
[BlackTeam "Wolfpack 2"]
[Result "0-1"]
[PlyCount "114"]

1. d4 e6 2. e4 d5 3. e5 c5 4. Nf3 Nc6 5. c4 cxd4 6. Nxd4 Nxe5 7. Be2 Nf6 8. cxd5 Nxd5 9. O-O Bc5 10. Bb5+ Bd7 11. Qa4 a6 12. Bxd7+ Qxd7 13. Qxd7+ Nxd7 14. Nb3 Bd6 15. Nc3 N7f6 16. Nxd5 Nxd5 17. Nd4 O-O 18. b3 Rac8 19. a4 Rc7 20. Bb2 Rfc8 21. g3 Bb4 22. Rfc1 Rxc1+ 23. Rxc1 Rxc1+ 24. Bxc1 Bc3 25. Be3 Kf8 26. Kf1 Ke7 27. Ke2 Kd6 28. Nc2 Nxe3 29. Kxe3 f5 30. f4 a5 31. h3 e5 32. g4 exf4+ 33. Kxf4 fxg4 34. hxg4 Ke6 35. Ne3 Bd2 36. Ke4 Bxe3 37. Kxe3 Ke5 38. g5 Kf5 39. Kd4 h5 40. gxh6 gxh6 41. b4 axb4 42. Kc4 b3 43. Kxb3 h5 44. a5 h4 45. Kb4 h3 46. Kb5 h2 47. a6 bxa6+ 48. Kxa6 h1=Q 49. Kb5 Qc1 50. Kb4 Ke5 51. Kb5 Kd4 52. Kb6 Kd5 53. Kb7 Kd6 54. Kb8 Kd7 55. Kb7 Qb1+ 56. Ka6 Kc6 57. Ka5 Qb5# 0-1

[Event "4NCL Online Division 7"]
[Site "online"]
[Date "2021.03.09"]
[EventDate "2021.03.09"]
[Round "4.131"]
[White "Davies, Owain"]
[WhiteElo "1923"]
[WhiteTeam "Aberystwyth University 1"]
[Black "Tzanidakis, Michail"]
[BlackElo "1670"]
[BlackTeam "Guildford Castles 3"]
[Result "0-1"]
[PlyCount "106"]

1. e4 c5 2. Nc3 Nc6 3. f4 g6 4. Nf3 Bg7 5. Bb5 Nd4 6. O-O Nxb5 7. Nxb5 d5 8. exd5 a6 9. Nc3 Nf6 10. d4 Nxd5 11. dxc5 Nxc3 12. Qxd8+ Kxd8 13. bxc3 Bxc3 14. Rb1 Rf8 15. Rb3 Ba5 16. Nd4 f5 17. c6 b5 18. Be3 Kc7 19. Rd1 Bb6 20. a3 Bxd4 21. Bxd4 Kxc6 22. Rc3+ Kb7 23. Be5 Re8 24. Rh3 h5 25. Rg3 Rg8 26. Rc3 Re8 27. a4 Be6 28. Rc7+ Kb6 29. a5+ Kxa5 30. Ra1+ Kb6 31. Rc3 Rac8 32. Re3 Bd5 33. Rea3 Ra8 34. Rg3 Rg8 35. Re3 Be4 36. Bc3 Rgc8 37. Ba5+ Kb7 38. c3 Rc6 39. Bb4 Rd8 40. Bxe7 Rd2 41. Rg3 Re6 42. Bc5 Bc6 43. Bf2 Ree2 44. Rf1 Be8 45. Re3 a5 46. Rxe2 Rxe2 47. Rb1 Kc6 48. Kf1 Rc2 49. Bd4 Bf7 50. h4 Bc4+ 51. Kg1 a4 52. g3 a3 53. Ra1 a2 0-1

[Event "4NCL Online Division 7"]
[Site "online"]
[Date "2021.03.09"]
[EventDate "2021.03.09"]
[Round "4.133"]
[White "Horhey, Matthew"]
[WhiteElo "1600"]
[WhiteTeam "Aberystwyth University 1"]
[Black "Celebi, Serhan"]
[BlackElo "1547"]
[BlackTeam "Guildford Castles 3"]
[Result "0-1"]
[PlyCount "80"]

1. e4 c6 2. d3 d5 3. Nd2 e5 4. Ngf3 Nd7 5. d4 exd4 6. Nxd4 Ngf6 7. exd5 Nxd5 8. N2f3 Bb4+ 9. c3 Bc5 10. Be2 O-O 11. Bg5 Be7 12. Qd2 h6 13. Bxe7 Qxe7 14. O-O N7f6 15. Bd3 Bg4 16. Rfe1 Qc7 17. h3 Bh5 18. Re5 Rfe8 19. Rae1 Rxe5 20. Nxe5 Re8 21. f4 Nd7 22. Nxd7 Rxe1+ 23. Qxe1 Qxd7 24. Qe4 Bg6 25. f5 Bh7 26. Qe5 Nf6 27. Bc4 Qe8 28. Qc7 Qd7 29. Qb8+ Qe8 30. Qc7 g5 31. fxg6 Bxg6 32. Qd6 Kg7 33. Qg3 b5 34. Bb3 Qd7 35. Qe5 a6 36. Kh2 a5 37. Bd1 Qd5 38. Qc7 Be4 39. Bb3 Qd7 40. Ne6+ fxe6 0-1

[Event "4NCL Online Division 7"]
[Site "online"]
[Date "2021.03.09"]
[EventDate "2021.03.09"]
[Round "4.134"]
[White "Garrood, Anthony"]
[WhiteElo "1411"]
[WhiteTeam "Guildford Castles 3"]
[Black "Bates, Toby"]
[BlackElo "1550"]
[BlackTeam "Aberystwyth University 1"]
[Result "1-0"]
[PlyCount "65"]

1. d4 Nf6 2. c4 c5 3. Nc3 cxd4 4. Qxd4 Nc6 5. Qd1 e6 6. Nf3 a6 7. g3 b6 8. Bg2 Bb7 9. O-O Bb4 10. Qc2 O-O 11. Bd2 Rc8 12. a3 Bxc3 13. Bxc3 d5 14. Rad1 Qe7 15. Qb3 dxc4 16. Qxc4 Rfd8 17. Qh4 Nd5 18. Bd2 Qxh4 19. Nxh4 Rc7 20. e4 Nde7 21. Be3 Rxd1 22. Rxd1 b5 23. Bb6 Rc8 24. Rd7 Ba8 25. e5 Nd5 26. Bxd5 exd5 27. Rxd5 Re8 28. f4 Na5 29. Rd7 Nc4 30. Bd4 a5 31. Nf5 Nd2 32. e6 Nf3+ 33. Kf2 1-0

[Event "4NCL Online Division 7"]
[Site "online"]
[Date "2021.03.09"]
[EventDate "2021.03.09"]
[Round "4.141"]
[White "Fox, Harry"]
[WhiteElo "1500"]
[WhiteTeam "Aberystwyth University 2"]
[Black "Lamb, Ian"]
[BlackElo "1635"]
[BlackTeam "Bolton and Worsley 2"]
[Result "1/2-1/2"]
[PlyCount "98"]

1. d4 e6 2. c4 Nf6 3. Bg5 h6 4. Bh4 Be7 5. Nf3 b6 6. e3 Bb7 7. Bxf6 Bxf6 8. Be2 O-O 9. O-O d5 10. Nc3 Nd7 11. cxd5 exd5 12. Qb3 c6 13. Rac1 Rc8 14. Bd3 Qe7 15. Bf5 Rfd8 16. Bxd7 Rxd7 17. Rfd1 Rdc7 18. a4 Ba6 19. Rc2 Bc4 20. Qa3 Qxa3 21. bxa3 Bb3 22. Rcd2 Bxd1 23. Rxd1 a6 24. Rb1 b5 25. axb5 axb5 26. a4 bxa4 27. Nxa4 Ra7 28. Nc5 Be7 29. Nd3 Rca8 30. g3 Ra1 31. Rxa1 Rxa1+ 32. Kg2 Ra3 33. Nde5 c5 34. dxc5 Bxc5 35. Nd7 Ba7 36. h4 Ra2 37. Kf1 d4 38. exd4 Bxd4 39. Nxd4 Rd2 40. Nf6+ gxf6 41. Nf5 Kh7 42. g4 Ra2 43. h5 Ra4 44. f3 Ra2 45. Ke1 Rh2 46. Kf1 Rb2 47. Ke1 Rh2 48. Kf1 Rb2 49. Ke1 Rh2 1/2-1/2

[Event "4NCL Online Division 7"]
[Site "online"]
[Date "2021.03.09"]
[EventDate "2021.03.09"]
[Round "4.142"]
[White "Lane, Anthony J"]
[WhiteElo "1705"]
[WhiteTeam "Bolton and Worsley 2"]
[Black "Judge, Kieran"]
[BlackElo "1300"]
[BlackTeam "Aberystwyth University 2"]
[Result "1/2-1/2"]
[PlyCount "62"]

1. e4 c6 2. d4 d5 3. Nc3 dxe4 4. Nxe4 h6 5. Ng3 Nf6 6. Nf3 Bg4 7. Be2 e6 8. h3 Bxf3 9. Bxf3 Nbd7 10. c3 Be7 11. O-O O-O 12. Bf4 Nd5 13. Bxd5 exd5 14. Nf5 Bg5 15. Qf3 Qf6 16. Bxg5 Qxg5 17. h4 Qf6 18. Rae1 Rae8 19. Qg4 Re6 20. Rxe6 fxe6 21. Nd6 b5 22. f3 Qe7 23. Qg3 e5 24. dxe5 Nxe5 25. Re1 Qxd6 26. Qxe5 Qxe5 27. Rxe5 Rf4 28. Re7 Rf7 29. Re8+ Rf8 30. Re6 Rf6 31. Re7 Rf7 1/2-1/2

[Event "4NCL Online Division 7"]
[Site "online"]
[Date "2021.03.09"]
[EventDate "2021.03.09"]
[Round "4.143"]
[White "Bourne, Patrick"]
[WhiteElo "1000"]
[WhiteTeam "Aberystwyth University 2"]
[Black "Busznyak, Arpad"]
[BlackElo "1593"]
[BlackTeam "Bolton and Worsley 2"]
[Result "0-1"]
[PlyCount "144"]

1. e4 e5 2. Nf3 Nc6 3. Bc4 Be7 4. c3 Nf6 5. d3 d5 6. exd5 Nxd5 7. O-O O-O 8. Re1 f6 9. Be3 Kh8 10. Nbd2 Bg4 11. h3 Bh5 12. d4 Nf4 13. Bxf4 exf4 14. Ne4 b6 15. d5 Ne5 16. Be2 Bg6 17. Ned2 Qxd5 18. Nh4 Bf7 19. Nf5 Bd6 20. Nxd6 Qxd6 21. Nb3 Qc6 22. Nd4 Qb7 23. Nb5 Rad8 24. Qc2 Bg6 25. Qb3 Bf7 26. Qc2 Rd5 27. a4 Rfd8 28. c4 Rd2 29. Qc3 Qe4 30. Bf3 Qxc4 31. Qxc4 Bxc4 32. Nxc7 Kg8 33. Nb5 a6 34. Nc3 Rxb2 35. Bb7 Rdd2 36. Ne4 Re2 37. Rxe2 Rxe2 38. Nd6 Bd3 39. Rc1 Rc2 40. Rb1 Nc4 41. Bd5+ Kf8 42. Bxc4 Bxc4 43. Rxb6 Be2 44. Rb8+ Ke7 45. Nf5+ Kf7 46. Rb7+ Kg6 47. Nd4 Rc1+ 48. Kh2 Bd3 49. Ne6 Kh6 50. Nxg7 Ra1 51. Ne6 Rxa4 52. Rb6 Bb5 53. Nc5 Ra2 54. Rxf6+ Kg7 55. Rxf4 Rc2 56. Ne6+ Kg6 57. Rg4+ Kf6 58. Nd4 Rc4 59. Rf4+ Ke5 60. Rg4 Rxd4 61. Rxd4 Kxd4 62. f3 a5 63. Kg3 a4 64. f4 a3 65. Kh4 a2 66. g4 a1=Q 67. Kh5 Be8+ 68. Kg5 Qa6 69. f5 Ke5 70. Kh4 Qb6 71. g5 Qf2+ 72. Kg4 Qf4# 0-1

[Event "4NCL Online Division 7"]
[Site "online"]
[Date "2021.03.09"]
[EventDate "2021.03.09"]
[Round "4.151"]
[White "Foreman, Anthony"]
[WhiteElo "1475"]
[WhiteTeam "Catford Cosmonauts 4"]
[Black "Beryozkin, Sergey"]
[BlackElo "2056"]
[BlackTeam "Dun Laoghaire"]
[Result "0-1"]
[PlyCount "132"]

1. b3 d5 2. Bb2 Nf6 3. Nf3 g6 4. e3 Bg7 5. c4 c5 6. cxd5 Qxd5 7. Bc4 Qd8 8. Nc3 O-O 9. O-O Bg4 10. h3 Bd7 11. Nd5 Nxd5 12. Bxg7 Nxe3 13. fxe3 Kxg7 14. Ng5 f6 15. Ne4 Qc7 16. Qe2 Qe5 17. Nc3 Be6 18. Bd3 a6 19. Be4 Ra7 20. Qf3 b5 21. Ne2 Rd7 22. Rad1 Rfd8 23. d4 cxd4 24. exd4 Qd6 25. Nf4 Bf7 26. Qg4 Nc6 27. Bf5 Rc7 28. Bb1 Nxd4 29. Nh5+ Kh8 30. Ng3 Rcd7 31. Rd3 Qe6 32. Qd1 Nc6 33. Rxd7 Qxd7 34. Qf3 Ne5 35. Qe2 Qd2 36. Re1 Qxe2 37. Nxe2 Rd2 38. Kf2 Nd3+ 39. Bxd3 Rxd3 40. Nc1 Rd2+ 41. Ke3 Rxg2 42. Kd4 e5+ 43. Kc5 Rd2 44. Kb6 Rd6+ 45. Ka5 Kg8 46. b4 Kf8 47. h4 Ke7 48. h5 gxh5 49. Nb3 Bxb3 50. axb3 Ke6 51. Rxe5+ Kf7 52. Rxh5 Rd3 53. Rxh7+ Ke6 54. Ra7 Rxb3 55. Rxa6+ Ke5 56. Kxb5 f5 57. Ra5 Ke4 58. Kc6 Rxb4 59. Kc5 Rb1 60. Ra4+ Ke3 61. Kd5 f4 62. Ke5 Rb5+ 63. Kf6 f3 64. Ra3+ Kf2 65. Ra2+ Kg1 66. Ra1+ Kg2 0-1

[Event "4NCL Online Division 7"]
[Site "online"]
[Date "2021.03.09"]
[EventDate "2021.03.09"]
[Round "4.152"]
[White "Lane, John"]
[WhiteElo "1850"]
[WhiteTeam "Dun Laoghaire"]
[Black "Marchettini, Cristiano"]
[BlackElo "1465"]
[BlackTeam "Catford Cosmonauts 4"]
[Result "1/2-1/2"]
[PlyCount "69"]

1. e4 e5 2. Nf3 Nc6 3. d4 exd4 4. Bc4 Nf6 5. e5 d5 6. Bb5 Ne4 7. Nxd4 Bc5 8. O-O O-O 9. Bxc6 bxc6 10. f3 Ng5 11. Kh1 Ne6 12. c3 Qh4 13. f4 Nxd4 14. cxd4 Bb4 15. Nd2 Bxd2 16. Bxd2 Bf5 17. Rc1 Rab8 18. b3 Qh6 19. Rc3 Rb6 20. g4 Be4+ 21. Kg1 Qh4 22. Be1 Qe7 23. Qc1 f5 24. exf6 Qf7 25. fxg7 Qxg7 26. Qd1 c5 27. dxc5 Rbf6 28. Bd2 Rxf4 29. Rxf4 Rxf4 30. Rg3 Qd4+ 31. Re3 Qxc5 32. Qe2 Rf3 33. Qe1 Rxe3 34. Qxe3 Qxe3+ 35. Bxe3 1/2-1/2

[Event "4NCL Online Division 7"]
[Site "online"]
[Date "2021.03.09"]
[EventDate "2021.03.09"]
[Round "4.153"]
[White "Barber, James R"]
[WhiteElo "1307"]
[WhiteTeam "Catford Cosmonauts 4"]
[Black "O'Connell, David"]
[BlackElo "1810"]
[BlackTeam "Dun Laoghaire"]
[Result "1-0"]
[PlyCount "45"]

1. Nf3 d6 2. g3 e5 3. d3 Be7 4. Bg2 Nc6 5. Nbd2 g5 6. h3 f5 7. e4 f4 8. c3 Be6 9. O-O g4 10. hxg4 Bxg4 11. Qb3 Na5 12. Qb5+ c6 13. Qa4 b5 14. Qc2 c5 15. a4 fxg3 16. fxg3 Bxf3 17. Bxf3 Nf6 18. axb5 h5 19. Qa4 Nb7 20. b6+ Kf7 21. bxa7 h4 22. g4 Qg8 23. Qb3+ 1-0

[Event "4NCL Online Division 7"]
[Site "online"]
[Date "2021.03.09"]
[EventDate "2021.03.09"]
[Round "4.154"]
[White "Jackson, Peter D."]
[WhiteElo "1756"]
[WhiteTeam "Dun Laoghaire"]
[Black "Meah, Mijanoor"]
[BlackElo "1100"]
[BlackTeam "Catford Cosmonauts 4"]
[Result "1-0"]
[PlyCount "53"]

1. d4 e6 2. c4 c5 3. d5 Qb6 4. Nc3 d6 5. e4 Nf6 6. Nf3 e5 7. Be2 h6 8. O-O Bg4 9. h3 Bxf3 10. Bxf3 Qb4 11. Be2 Nbd7 12. f4 O-O-O 13. Qc2 g5 14. fxg5 hxg5 15. Bxg5 Bg7 16. Nb5 Kb8 17. Bd2 a6 18. Bxb4 cxb4 19. Nxd6 Rhf8 20. c5 b6 21. cxb6 Nxb6 22. Qc6 Rd7 23. Qxb6+ Ka8 24. Qc6+ Kb8 25. Rxf6 Bxf6 26. Qxd7 Rd8 27. Qb7# 1-0